000 00445nam a2200181Ia 4500
001 9291
005 20260306161707.0
008 260306t2009||||xx |||||||||||||| ||spa||
041 _aESP
082 _a378.0712
_bF34
100 _aFederatio Internationalis Unversitatum Catholicarum
_eAUT
245 0 _aSciat ut serviat
260 _c2009
300 _a407 páginas :
_c25 cm.
650 _aGEN
654 _aCED
942 _cLIB
_dJUS
_fJUS
_2ddc
_n
999 _c9291
_d9291